[Event "Deutsche Blitz-Einzelmeisterschaft der Frauen 2021"]
[Site "Magdeburg"]
[Date "2021.08.01"]
[Round "21"]
[Board "6"]
[White "Schneider, Birgit"]
[Black "Hofmann, Karina"]
[Result "0-1"]
[WhiteElo "1993"]
[BlackElo "1734"]
[PlyCount "0"]
[EventDate "2021.08.01"]
[EventRounds "21"]
[EventCountry "GER"]

1. e4 {[%clk 0:03:03]} b6 {[%clk 0:03:03]} 2. d4 {[%clk 0:02:54]} Bb7 {[%clk
0:03:05]} 3. Nc3 {[%clk 0:02:54]} e6 {[%clk 0:03:06]} 4. Nf3 {[%clk 0:03:02]} Bb4
{[%clk 0:03:07]} 5. Bd3 {[%clk 0:03:01]} Ne7 {[%clk 0:03:08]} 6. O-O {[%clk
0:03:00]} Bxc3 {[%clk 0:03:08]} 7. bxc3 {[%clk 0:03:01]} c5 {[%clk 0:03:07]} 8.
Be3 {[%clk 0:02:40]} c4 {[%clk 0:03:04]} 9. Bxc4 {[%clk 0:02:28]} Bxe4 {[%clk
0:02:57]} 10. Ng5 {[%clk 0:01:59]} Bg6 {[%clk 0:02:59]} 11. Qf3 {[%clk 0:01:50]}
Nbc6 {[%clk 0:02:40]} 12. Rad1 {[%clk 0:01:26]} d5 {[%clk 0:03:00]} 13. Bd3
{[%clk 0:01:20]} Nf5 {[%clk 0:02:59]} 14. Qe2 {[%clk 0:01:02]} O-O {[%clk
0:02:56]} 15. Nf3 {[%clk 0:01:03]} Rc8 {[%clk 0:02:56]} 16. Bd2 {[%clk 0:00:54]}
Nce7 {[%clk 0:02:57]} 17. h3 {[%clk 0:00:54]} Rc7 {[%clk 0:02:56]} 18. g4 {[%clk
0:00:53]} Nd6 {[%clk 0:02:55]} 19. Ne5 {[%clk 0:00:53]} Ne4 {[%clk 0:02:49]} 20.
Bxe4 {[%clk 0:00:48]} Bxe4 {[%clk 0:02:49]} 21. Be1 {[%clk 0:00:42]} f6 {[%clk
0:02:48]} 22. Nd3 {[%clk 0:00:40]} Ng6 {[%clk 0:02:46]} 23. f3 {[%clk 0:00:39]}
Bxd3 {[%clk 0:02:45]} 24. Qxd3 {[%clk 0:00:38]} Nf4 {[%clk 0:02:46]} 25. Qe3
{[%clk 0:00:36]} Qd6 {[%clk 0:02:43]} 26. Rd2 {[%clk 0:00:15]} Nxh3+ {[%clk
0:02:42]} 27. Kg2 {[%clk 0:00:13]} Qf4 {[%clk 0:03:21]} 28. Qxf4 {[%clk 0:00:12]}
Nxf4+ {[%clk 0:03:22]} 29. Kg3 {[%clk 0:00:12]} g5 {[%clk 0:03:21]} 30. Rh2
{[%clk 0:00:12]} Re8 {[%clk 0:03:13]} 31. Bd2 {[%clk 0:00:13]} e5 {[%clk
0:03:13]} 32. Rh6 {[%clk 0:00:13]} Rf7 {[%clk 0:03:03]} 33. Rfh1 {[%clk 0:00:14]}
e4 {[%clk 0:02:54]} 34. fxe4 {[%clk 0:00:14]} dxe4 {[%clk 0:02:54]} 35. Be3
{[%clk 0:00:15]} Ne2+ {[%clk 0:02:55]} 36. Kf2 {[%clk 0:00:13]} Nxc3 {[%clk
0:02:35]} 37. Rd1 {[%clk 0:00:12]} Nd5 {[%clk 0:02:54]} 38. c4 {[%clk 0:00:12]}
Nxe3 {[%clk 0:02:54]} 39. Kxe3 {[%clk 0:00:13]} Kg7 {[%clk 0:02:51]} 40. Rhh1
{[%clk 0:00:14]} f5 {[%clk 0:02:52]} 41. gxf5 {[%clk 0:00:15]} Rxf5 {[%clk
0:02:53]} 42. d5 {[%clk 0:00:16]} h5 {[%clk 0:02:51]} 43. d6 {[%clk 0:00:17]} Kg6
{[%clk 0:02:52]} 44. d7 {[%clk 0:00:19]} Rd8 {[%clk 0:02:54]} 45. Rd6+ {[%clk
0:00:19]} Kf7 {[%clk 0:02:53]} 46. Rhd1 {[%clk 0:00:21]} g4 {[%clk 0:02:47]} 47.
Kxe4 {[%clk 0:00:22]} Rc5 {[%clk 0:02:34]} 48. Kd4 {[%clk 0:00:21]} Ke7 {[%clk
0:02:26]} 49. Rd5 {[%clk 0:00:16]} Rxd7 {[%clk 0:02:26]} 50. Rxd7+ {[%clk
0:00:16]} Kxd7 {[%clk 0:02:27]} 51. Rf1 {[%clk 0:00:17]} h4 {[%clk 0:02:22]} 52.
Rf7+ {[%clk 0:00:19]} Ke6 {[%clk 0:02:22]} 53. Rh7 {[%clk 0:00:20]} Kf5 {[%clk
0:02:03]} 54. Rxh4 {[%clk 0:00:13]} Kf4 {[%clk 0:02:03]} 55. Rh8 {[%clk 0:00:21]}
g3 {[%clk 0:02:02]} 56. Rf8+ {[%clk 0:00:22]} Rf5 {[%clk 0:02:03]} 57. Rg8 {[%clk
0:00:13]} Kf3 {[%clk 0:02:02]} 58. Kd3 {[%clk 0:00:23]} Rf4 {[%clk 0:01:56]} 59.
a4 {[%clk 0:00:23]} g2 {[%clk 0:01:55]} 60. a5 {[%clk 0:00:23]} Rg4 {[%clk
0:01:52]} 61. Rf8+ {[%clk 0:00:24]} Kg3 {[%clk 0:01:53]} 62. axb6 {[%clk
0:00:18]} axb6 {[%clk 0:01:53]} 63. Re8 {[%clk 0:00:16]} g1=Q {[%clk 0:01:49]}
64. Re3+ {[%clk 0:00:15]} Kf2 {[%clk 0:01:49]} 65. Re2+ {[%clk 0:00:15]} Kf1
{[%clk 0:01:48]} 66. Rb2 {[%clk 0:00:13]} Qd4+ {[%clk 0:01:35]} 67. Kc2 {[%clk
0:00:14]} Rg2+ {[%clk 0:01:47]} 68. Kb3 {[%clk 0:00:15]} Qxb2+ {[%clk 0:01:47]}
69. Ka4 {[%clk 0:00:16]} Rg8 {[%clk 0:01:43]} 70. c5 {[%clk 0:00:17]} Ra8# {[%clk
0:01:44]}  0-1

[Event "Deutsche Blitz-Einzelmeisterschaft der Frauen 2021"]
[Site "Magdeburg"]
[Date "2021.08.01"]
[Round "21"]
[Board "7"]
[White "Zimmer, Elke"]
[Black "Paehtz, Elisabeth"]
[Result "0-1"]
[WhiteElo "1872"]
[BlackElo "2410"]
[PlyCount "0"]
[EventDate "2021.08.01"]
[EventRounds "21"]
[EventCountry "GER"]

1. e4 {[%clk 0:03:04]} c5 {[%clk 0:03:03]} 2. Nc3 {[%clk 0:03:05]} Nc6 {[%clk
0:03:04]} 3. g3 {[%clk 0:03:06]} g6 {[%clk 0:03:05]} 4. Bg2 {[%clk 0:03:08]} Bg7
{[%clk 0:03:05]} 5. d3 {[%clk 0:03:08]} d6 {[%clk 0:03:06]} 6. Be3 {[%clk
0:03:08]} Nd4 {[%clk 0:03:07]} 7. Qd2 {[%clk 0:02:47]} Qa5 {[%clk 0:03:08]} 8. f4
{[%clk 0:02:31]} Nh6 {[%clk 0:03:07]} 9. h3 {[%clk 0:02:27]} f5 {[%clk 0:03:08]}
10. Nf3 {[%clk 0:02:19]} Bd7 {[%clk 0:03:05]} 11. O-O {[%clk 0:02:16]} O-O {[%clk
0:03:04]} 12. Rf2 {[%clk 0:01:49]} e6 {[%clk 0:03:04]} 13. Bxd4 {[%clk 0:01:47]}
cxd4 {[%clk 0:03:03]} 14. Nd1 {[%clk 0:01:48]} Qb6 {[%clk 0:02:59]} 15. b3 {[%clk
0:01:44]} Rac8 {[%clk 0:02:59]} 16. Nb2 {[%clk 0:01:45]} Qc5 {[%clk 0:02:54]} 17.
Nc4 {[%clk 0:01:40]} b5 {[%clk 0:02:54]} 18. Nb2 {[%clk 0:01:33]} Qb6 {[%clk
0:02:49]} 19. Re1 {[%clk 0:01:31]} Rfe8 {[%clk 0:02:38]} 20. e5 {[%clk 0:01:28]}
Nf7 {[%clk 0:02:28]} 21. exd6 {[%clk 0:01:22]} Qxd6 {[%clk 0:02:28]} 22. a4
{[%clk 0:01:17]} a6 {[%clk 0:02:27]} 23. axb5 {[%clk 0:01:18]} axb5 {[%clk
0:02:28]} 24. Ree2 {[%clk 0:01:09]} Bc6 {[%clk 0:02:27]} 25. Ne1 {[%clk 0:01:08]}
Bxg2 {[%clk 0:02:25]} 26. Kxg2 {[%clk 0:01:09]} Qd5+ {[%clk 0:02:17]} 27. Kh2
{[%clk 0:01:08]} e5 {[%clk 0:02:15]} 28. Ng2 {[%clk 0:00:49]} e4 {[%clk 0:02:13]}
29. dxe4 {[%clk 0:00:51]} fxe4 {[%clk 0:02:13]} 30. c4 {[%clk 0:00:43]} Qb7
{[%clk 0:02:09]} 31. cxb5 {[%clk 0:00:40]} Qxb5 {[%clk 0:02:04]} 32. Rf1 {[%clk
0:00:26]} Qxb3 {[%clk 0:02:02]} 33. Nd1 {[%clk 0:00:20]} e3 {[%clk 0:02:00]} 34.
Qb2 {[%clk 0:00:18]} Qc4 {[%clk 0:01:52]}  0-1

[Event "Deutsche Blitz-Einzelmeisterschaft der Frauen 2021"]
[Site "Magdeburg"]
[Date "2021.08.01"]
[Round "21"]
[Board "8"]
[White "Michna, Marta"]
[Black "Schlueter, Sabrina"]
[Result "1-0"]
[WhiteElo "2416"]
[BlackElo "1790"]
[PlyCount "0"]
[EventDate "2021.08.01"]
[EventRounds "21"]
[EventCountry "GER"]

1. Nf3 {[%clk 0:03:03]} c6 {[%clk 0:03:04]} 2. d3 {[%clk 0:02:54]} g6 {[%clk
0:03:05]} 3. e4 {[%clk 0:02:54]} Bg7 {[%clk 0:03:06]} 4. c3 {[%clk 0:03:05]} d5
{[%clk 0:03:07]} 5. Qc2 {[%clk 0:03:04]} dxe4 {[%clk 0:03:04]} 6. dxe4 {[%clk
0:03:05]} Bg4 {[%clk 0:03:04]} 7. Nbd2 {[%clk 0:03:04]} Bxf3 {[%clk 0:03:04]} 8.
Nxf3 {[%clk 0:03:05]} Nf6 {[%clk 0:03:03]} 9. a4 {[%clk 0:02:57]} O-O {[%clk
0:02:57]} 10. Bc4 {[%clk 0:02:48]} e6 {[%clk 0:02:56]} 11. O-O {[%clk 0:02:55]}
Qc7 {[%clk 0:02:53]} 12. Re1 {[%clk 0:02:44]} Nbd7 {[%clk 0:02:40]} 13. g3 {[%clk
0:02:22]} Rad8 {[%clk 0:02:18]} 14. Bf4 {[%clk 0:02:04]} e5 {[%clk 0:02:05]} 15.
Be3 {[%clk 0:02:02]} a6 {[%clk 0:02:02]} 16. a5 {[%clk 0:01:51]} c5 {[%clk
0:01:50]} 17. h3 {[%clk 0:01:43]} Ne8 {[%clk 0:01:48]} 18. Bd5 {[%clk 0:01:21]}
h6 {[%clk 0:01:27]} 19. Qb3 {[%clk 0:01:18]} Nd6 {[%clk 0:01:17]} 20. Nd2 {[%clk
0:01:08]} Nf6 {[%clk 0:01:07]} 21. Qb6 {[%clk 0:00:46]} Qxb6 {[%clk 0:01:03]} 22.
axb6 {[%clk 0:00:48]} Rc8 {[%clk 0:00:46]} 23. Ra5 {[%clk 0:00:49]} Nd7 {[%clk
0:00:43]} 24. Rd1 {[%clk 0:00:42]} Rfe8 {[%clk 0:00:40]} 25. Nb3 {[%clk 0:00:43]}
Bf8 {[%clk 0:00:32]} 26. Bxb7 {[%clk 0:00:32]} Nxb7 {[%clk 0:00:32]} 27. Rxd7
{[%clk 0:00:33]} Nxa5 {[%clk 0:00:33]} 28. Nxa5 {[%clk 0:00:35]} Rb8 {[%clk
0:00:24]} 29. b7 {[%clk 0:00:33]} Red8 {[%clk 0:00:19]} 30. Rxd8 {[%clk 0:00:27]}
Rxd8 {[%clk 0:00:20]} 31. Kg2 {[%clk 0:00:28]} f6 {[%clk 0:00:16]} 32. Nc6 {[%clk
0:00:27]} Re8 {[%clk 0:00:13]} 33. b8=Q {[%clk 0:00:24]} Rxb8 {[%clk 0:00:14]}
34. Nxb8 {[%clk 0:00:25]} a5 {[%clk 0:00:14]} 35. Nd7 {[%clk 0:00:23]} Be7 {[%clk
0:00:14]} 36. Bxc5 {[%clk 0:00:24]}  1-0

[Event "Deutsche Blitz-Einzelmeisterschaft der Frauen 2021"]
[Site "Magdeburg"]
[Date "2021.08.01"]
[Round "21"]
[Board "9"]
[White "Moenster, Madita"]
[Black "Braun, Kristin"]
[Result "1/2-1/2"]
[WhiteElo "1889"]
[BlackElo "1846"]
[PlyCount "0"]
[EventDate "2021.08.01"]
[EventRounds "21"]
[EventCountry "GER"]

1. e4 {[%clk 0:03:03]} c5 {[%clk 0:03:04]} 2. Nf3 {[%clk 0:03:03]} d6 {[%clk
0:03:05]} 3. d4 {[%clk 0:03:04]} cxd4 {[%clk 0:03:07]} 4. Nxd4 {[%clk 0:03:05]}
Nf6 {[%clk 0:03:08]} 5. Nc3 {[%clk 0:03:05]} g6 {[%clk 0:03:08]} 6. Be3 {[%clk
0:03:06]} Bg7 {[%clk 0:03:11]} 7. Bc4 {[%clk 0:03:07]} O-O {[%clk 0:03:08]} 8. f3
{[%clk 0:03:01]} Nc6 {[%clk 0:03:09]} 9. Bb3 {[%clk 0:03:01]} Qa5 {[%clk
0:02:58]} 10. O-O {[%clk 0:02:59]} Bd7 {[%clk 0:02:52]} 11. Re1 {[%clk 0:02:51]}
Rac8 {[%clk 0:02:46]} 12. Nd5 {[%clk 0:02:39]} Nxd5 {[%clk 0:02:04]} 13. exd5
{[%clk 0:02:39]} Ne5 {[%clk 0:01:57]} 14. Qe2 {[%clk 0:02:24]} Rc7 {[%clk
0:01:37]} 15. c3 {[%clk 0:02:20]} Rfc8 {[%clk 0:01:37]} 16. Bf2 {[%clk 0:02:06]}
Nc4 {[%clk 0:01:29]} 17. Bxc4 {[%clk 0:02:03]} Rxc4 {[%clk 0:01:38]} 18. Qxe7
{[%clk 0:02:02]} Qc7 {[%clk 0:01:20]} 19. Qg5 {[%clk 0:01:55]} Qa5 {[%clk
0:00:50]} 20. Re7 {[%clk 0:01:50]} R4c7 {[%clk 0:00:49]} 21. Nb3 {[%clk 0:01:35]}
Qb5 {[%clk 0:00:48]} 22. Rae1 {[%clk 0:01:32]} a5 {[%clk 0:00:45]} 23. Qd2 {[%clk
0:01:20]} a4 {[%clk 0:00:43]} 24. Nc1 {[%clk 0:01:18]} Qc4 {[%clk 0:00:42]} 25.
Be3 {[%clk 0:01:01]} a3 {[%clk 0:00:41]} 26. b3 {[%clk 0:00:38]} Qxc3 {[%clk
0:00:42]} 27. Qxc3 {[%clk 0:00:34]} Bxc3 {[%clk 0:00:42]} 28. Rd1 {[%clk
0:00:35]} Bf6 {[%clk 0:00:42]} 29. Re4 {[%clk 0:00:34]} Rc2 {[%clk 0:00:33]} 30.
Bf4 {[%clk 0:00:21]} Be5 {[%clk 0:00:29]} 31. Bxe5 {[%clk 0:00:12]} Rxc1 {[%clk
0:00:28]} 32. Ree1 {[%clk 0:00:04]} Rxd1 {[%clk 0:00:28]} 33. Rxd1 {[%clk
0:00:05]} dxe5 {[%clk 0:00:30]} 34. Kf2 {[%clk 0:00:05]} f6 {[%clk 0:00:31]} 35.
Ke3 {[%clk 0:00:04]} Kf7 {[%clk 0:00:32]} 36. Ke4 {[%clk 0:00:03]} Bf5+ {[%clk
0:00:30]} 37. Ke3 {[%clk 0:00:04]} Rc3+ {[%clk 0:00:26]} 38. Kf2 {[%clk 0:00:05]}
Rc2+ {[%clk 0:00:27]} 39. Kg3 {[%clk 0:00:06]} Rxa2 {[%clk 0:00:26]} 40. Rc1 Rb2
{[%clk 0:00:24]} 41. Rc7+ {[%clk 0:00:07]} Ke8 {[%clk 0:00:18]} 42. Rxb7 {[%clk
0:00:07]} a2 {[%clk 0:00:25]} 43. Ra7 {[%clk 0:00:08]} Rxb3 {[%clk 0:00:19]} 44.
Rxa2 {[%clk 0:00:08]} e4 {[%clk 0:00:20]} 45. Kf2 {[%clk 0:00:04]} Rd3 {[%clk
0:00:18]} 46. Ra8+ {[%clk 0:00:04]} Ke7 {[%clk 0:00:17]} 47. Ra7+ {[%clk
0:00:05]} Kd6 {[%clk 0:00:17]} 48. Rxh7 {[%clk 0:00:05]} exf3 {[%clk 0:00:17]}
49. gxf3 {[%clk 0:00:06]} Kxd5 {[%clk 0:00:18]} 50. h4 {[%clk 0:00:06]} Rd2+
{[%clk 0:00:08]} 51. Kg3 {[%clk 0:00:07]} Rd3 {[%clk 0:00:16]} 52. h5 {[%clk
0:00:07]} g5 {[%clk 0:00:15]} 53. Rh8 {[%clk 0:00:00]} Be4 {[%clk 0:00:13]} 54.
Rd8+ {[%clk 0:00:08]} Ke5 {[%clk 0:00:14]} 55. Re8+ {[%clk 0:00:06]} Kf5 {[%clk
0:00:09]} 56. Rxe4 {[%clk 0:00:06]} Rd1 {[%clk 0:00:09]} 57. Ra4 {[%clk 0:00:05]}
Rh1 {[%clk 0:00:08]} 58. Ra5+ {[%clk 0:00:06]} Ke6 {[%clk 0:00:09]} 59. Kg4
{[%clk 0:00:06]} Rh4+ {[%clk 0:00:09]} 60. Kg3 {[%clk 0:00:07]} Rxh5 {[%clk
0:00:10]} 61. Ra6+ {[%clk 0:00:06]} Kf5 {[%clk 0:00:10]} 62. Ra5+ {[%clk
0:00:06]} Kg6 {[%clk 0:00:11]} 63. Ra6 {[%clk 0:00:07]} Rh1 {[%clk 0:00:12]} 64.
Kg4 {[%clk 0:00:05]} Rg1+ {[%clk 0:00:13]} 65. Kh3 {[%clk 0:00:06]} Kf5 66. Ra5+
{[%clk 0:00:04]} Kg6 {[%clk 0:00:11]} 67. Ra6 {[%clk 0:00:04]} Kf5 {[%clk
0:00:10]} 68. Ra5+ {[%clk 0:00:06]} Kf4 {[%clk 0:00:11]} 69. Ra3 {[%clk 0:00:07]}
Rf1 {[%clk 0:00:09]} 70. Kg2 {[%clk 0:00:07]} Rb1 {[%clk 0:00:08]} 71. Ra4+
{[%clk 0:00:08]} Kf5 {[%clk 0:00:09]} 72. Kg3 {[%clk 0:00:09]} Rb3 {[%clk
0:00:08]} 73. Ra5+ {[%clk 0:00:10]} Kg6 {[%clk 0:00:09]} 74. Ra6 {[%clk 0:00:07]}
Rb4 {[%clk 0:00:08]} 75. Rc6 {[%clk 0:00:06]} Rf4 {[%clk 0:00:08]} 76. Ra6 {[%clk
0:00:07]} Kh5 {[%clk 0:00:09]} 77. Ra8 {[%clk 0:00:06]} f5 {[%clk 0:00:09]} 78.
Rh8+ {[%clk 0:00:06]} Kg6 {[%clk 0:00:10]} 79. Rg8+ {[%clk 0:00:06]} Kf6 {[%clk
0:00:12]} 80. Rf8+ {[%clk 0:00:07]} Kg7 {[%clk 0:00:12]} 81. Ra8 {[%clk 0:00:07]}
Rb4 {[%clk 0:00:10]} 82. Ra7+ {[%clk 0:00:05]} Kg6 {[%clk 0:00:11]} 83. Ra6+
{[%clk 0:00:06]} Kh5 {[%clk 0:00:09]} 84. Ra8 {[%clk 0:00:07]} f4+ {[%clk
0:00:10]} 85. Kh3 {[%clk 0:00:06]} Rb6 {[%clk 0:00:07]} 86. Rh8+ {[%clk 0:00:06]}
Rh6 {[%clk 0:00:08]} 87. Rg8 {[%clk 0:00:03]} Rg6 {[%clk 0:00:06]} 88. Rh8+
{[%clk 0:00:03]} Rh6 {[%clk 0:00:06]} 89. Rg8 {[%clk 0:00:04]} Rg6 {[%clk
0:00:06]}  1/2-1/2

[Event "Deutsche Blitz-Einzelmeisterschaft der Frauen 2021"]
[Site "Magdeburg"]
[Date "2021.08.01"]
[Round "21"]
[Board "10"]
[White "Brunner, Sophia"]
[Black "Kosovska, Olena"]
[Result "0-1"]
[WhiteElo "1741"]
[BlackElo "1965"]
[PlyCount "0"]
[EventDate "2021.08.01"]
[EventRounds "21"]
[EventCountry "GER"]

1. d4 {[%clk 0:03:03]} g6 {[%clk 0:03:03]} 2. e4 {[%clk 0:03:02]} Bg7 {[%clk
0:03:04]} 3. Nc3 {[%clk 0:03:03]} c5 {[%clk 0:03:05]} 4. d5 {[%clk 0:02:54]} d6
{[%clk 0:03:05]} 5. f3 {[%clk 0:02:45]} Nf6 {[%clk 0:03:06]} 6. Be3 {[%clk
0:02:45]} O-O {[%clk 0:03:06]} 7. Qd2 {[%clk 0:02:46]} a6 {[%clk 0:02:54]} 8. Bh6
{[%clk 0:02:39]} b5 {[%clk 0:03:01]} 9. h4 {[%clk 0:02:39]} b4 {[%clk 0:02:46]}
10. Nd1 {[%clk 0:02:40]} e5 {[%clk 0:01:33]} 11. g4 {[%clk 0:02:30]} Bxg4 {[%clk
0:01:26]} 12. fxg4 {[%clk 0:02:21]} Nxe4 {[%clk 0:01:06]} 13. Qe3 {[%clk
0:02:24]} f5 {[%clk 0:00:56]} 14. Bxg7 {[%clk 0:02:20]} Kxg7 {[%clk 0:00:56]} 15.
gxf5 {[%clk 0:02:17]} gxf5 {[%clk 0:00:54]} 16. Bd3 {[%clk 0:02:03]} Qf6 {[%clk
0:00:47]} 17. Bxe4 {[%clk 0:01:17]} fxe4 {[%clk 0:00:47]} 18. Qg3+ {[%clk
0:01:17]} Kh8 {[%clk 0:00:46]} 19. Ne3 {[%clk 0:01:18]} Rg8 {[%clk 0:00:36]} 20.
Qf2 {[%clk 0:01:15]} Qg7 {[%clk 0:00:22]} 21. O-O-O {[%clk 0:00:54]} Nd7 {[%clk
0:00:23]} 22. Nh3 {[%clk 0:00:45]} Raf8 {[%clk 0:00:24]} 23. Qe2 {[%clk 0:00:44]}
Qh6 {[%clk 0:00:25]} 24. Ng5 {[%clk 0:00:44]} Nf6 {[%clk 0:00:25]} 25. Kb1 {[%clk
0:00:30]} Nh5 {[%clk 0:00:25]} 26. Ne6 {[%clk 0:00:30]} Rf3 {[%clk 0:00:23]} 27.
Nc4 {[%clk 0:00:24]} Ng3 {[%clk 0:00:15]} 28. Qh2 {[%clk 0:00:19]} Nxh1 {[%clk
0:00:15]} 29. Rxh1 {[%clk 0:00:19]} e3 {[%clk 0:00:16]} 30. Qe2 {[%clk 0:00:17]}
Rgg3 {[%clk 0:00:12]} 31. b3 {[%clk 0:00:10]} Rf2 {[%clk 0:00:13]} 32. Qe1 {[%clk
0:00:09]} Rgf3 {[%clk 0:00:14]} 33. Rg1 {[%clk 0:00:08]} e2 {[%clk 0:00:13]} 34.
Nxd6 {[%clk 0:00:03]} Rf1 {[%clk 0:00:13]} 35. Rxf1 {[%clk 0:00:03]} Rxf1 {[%clk
0:00:12]}  0-1

[Event "Deutsche Blitz-Einzelmeisterschaft der Frauen 2021"]
[Site "Magdeburg"]
[Date "2021.08.01"]
[Round "21"]
[Board "11"]
[White "Ries, Jutta"]
[Black "Noll, Sonja"]
[Result "1-0"]
[WhiteElo "2094"]
[BlackElo "1707"]
[PlyCount "0"]
[EventDate "2021.08.01"]
[EventRounds "21"]
[EventCountry "GER"]

1. f4 {[%clk 0:03:03]} Nf6 {[%clk 0:03:03]} 2. Nf3 {[%clk 0:03:03]} d5 {[%clk
0:03:03]} 3. b3 {[%clk 0:03:04]} g6 {[%clk 0:03:01]} 4. Bb2 {[%clk 0:03:05]} Bg7
{[%clk 0:03:01]} 5. e3 {[%clk 0:03:06]} c5 {[%clk 0:03:01]} 6. Bb5+ {[%clk
0:02:57]} Nc6 {[%clk 0:03:01]} 7. O-O {[%clk 0:02:57]} a6 {[%clk 0:02:53]} 8.
Bxc6+ {[%clk 0:02:57]} bxc6 {[%clk 0:03:02]} 9. d3 {[%clk 0:03:04]} O-O {[%clk
0:02:56]} 10. Qe2 {[%clk 0:03:04]} a5 {[%clk 0:02:50]} 11. Nc3 {[%clk 0:03:02]}
Qd6 {[%clk 0:02:44]} 12. Na4 {[%clk 0:03:02]} Nd7 {[%clk 0:01:59]} 13. Bxg7
{[%clk 0:02:26]} Kxg7 {[%clk 0:02:00]} 14. c4 {[%clk 0:02:23]} d4 {[%clk
0:01:53]} 15. Rae1 {[%clk 0:02:15]} dxe3 {[%clk 0:01:53]} 16. Qxe3 {[%clk
0:02:14]} e6 {[%clk 0:01:48]} 17. Ne5 {[%clk 0:02:13]} Qd4 {[%clk 0:01:34]} 18.
Nxc6 {[%clk 0:02:05]} Qxe3+ {[%clk 0:01:28]} 19. Rxe3 {[%clk 0:02:06]} Bb7 {[%clk
0:01:24]} 20. Ne5 {[%clk 0:02:01]} Rfd8 {[%clk 0:01:20]} 21. Nxd7 {[%clk
0:02:00]} Rxd7 {[%clk 0:01:21]} 22. Nxc5 {[%clk 0:02:00]} Rc7 {[%clk 0:01:15]}
23. Nxb7 {[%clk 0:02:00]} Rxb7 {[%clk 0:01:16]} 24. Kf2 {[%clk 0:01:56]} Rd8
{[%clk 0:01:09]} 25. Rc1 {[%clk 0:01:55]} a4 {[%clk 0:01:17]} 26. Rc3 {[%clk
0:01:55]} axb3 {[%clk 0:01:13]} 27. axb3 {[%clk 0:01:53]} Rdb8 {[%clk 0:01:10]}
28. d4 {[%clk 0:01:54]} Kf6 {[%clk 0:01:07]} 29. Kf3 {[%clk 0:01:53]} Ke7 {[%clk
0:01:01]} 30. d5 {[%clk 0:01:52]} Kd6 {[%clk 0:01:01]} 31. dxe6 {[%clk 0:01:52]}
fxe6 {[%clk 0:01:08]} 32. Ke4 {[%clk 0:01:50]} Rb4 {[%clk 0:01:04]} 33. Kd3
{[%clk 0:01:44]} Rxb3 {[%clk 0:01:04]} 34. Kd4 {[%clk 0:01:17]} Rb2 {[%clk
0:01:00]} 35. c5+ {[%clk 0:01:12]} Ke7 {[%clk 0:00:54]} 36. g4 {[%clk 0:00:32]}
Rxh2 {[%clk 0:00:52]} 37. f5 {[%clk 0:00:32]} Rd8+ {[%clk 0:00:48]} 38. Kc4
{[%clk 0:00:33]} gxf5 {[%clk 0:00:42]} 39. gxf5 {[%clk 0:00:34]} Rh4+ {[%clk
0:00:42]} 40. Kb5 {[%clk 0:00:35]} Rh6 {[%clk 0:00:28]} 41. c6 {[%clk 0:00:34]}
Rc8 {[%clk 0:00:24]} 42. Kb6 {[%clk 0:00:29]} Kd6 {[%clk 0:00:06]} 43. Rxe6+
{[%clk 0:00:26]} Rxe6 {[%clk 0:00:07]} 44. fxe6 {[%clk 0:00:27]} Kxe6 {[%clk
0:00:08]} 45. Kb7 {[%clk 0:00:28]} Rg8 {[%clk 0:00:06]} 46. c7 {[%clk 0:00:28]}
Rg7 {[%clk 0:00:07]} 47. Kb8 {[%clk 0:00:28]} h5 48. c8=Q+ {[%clk 0:00:18]}  1-0